Państwa Układu Warszawskiego - Statystyki

Ogólne statystyki
  • Ten quiz został rozwiązany 14 razy
  • Średni wynik to 8 z 8
Statystyki odpowiedzi
państwo % Poprawnych
Czechosłowacja
100%
Polska
100%
Węgry
100%
ZSRR
100%
Bułgaria
92%
NRD
92%
Rumunia
92%
Albania
85%
Nie znaleziono quizów pasujących do podanych kryteriów
Rozkład punktacji
Procent ludzi z każdym wynikiem
Percentyl według liczby udzielonych odpowiedzi
Twoja historia wyników
Nie rozwiązałeś tego quizu